[Event "ch-city B"]
[Site "Warszawa"]
[Date "2013.05.19"]
[Round "9.18"]
[White "Tomczyk, Ryszard"]
[Black "Kaczmarczyk, Marcin"]
[Result "0-1"]
[WhiteElo "1502"]
[BlackElo "1566"]
[PlyCount "162"]
[EventDate "2013.05.11"]
[EventType "swiss"]
[EventRounds "9"]
[EventCountry "POL"]

1. e4 e6 2. Nf3 d5 3. exd5 exd5 4. d4 Bg4 5. Be2 Nf6 6. Ne5 Bxe2 7. Qxe2 Be7 8.
Bg5 O-O 9. Nd2 Re8 10. O-O-O Ne4 11. Bxe7 Rxe7 12. Nxe4 dxe4 13. Qxe4 Nd7 14.
Qf4 Nf6 15. c4 c6 16. Rhe1 Qe8 17. Re3 b5 18. Rc3 Rc8 19. Qf5 c5 20. cxb5 Re6
21. Nc6 cxd4 22. Nxd4 Rxc3+ 23. bxc3 Re5 24. Qd3 g6 25. h3 Kg7 26. a4 Qc8 27.
Kb2 Qc5 28. Kb3 Qd5+ 29. c4 Qxg2 30. Qf1 Qb7 31. f4 Re4 32. f5 Qb6 33. Qg2 Qb7
34. Rd3 a6 35. Qg3 Qb6 36. Nc2 axb5 37. axb5 Qc5 38. Na3 Qxf5 39. Qf3 Rf4 40.
Qe3 Ne4 41. Qd4+ Kh6 42. Qd5 Qf6 43. c5 Ng5 44. c6 Rf2 45. Nc4 Qa1 46. Rd2 Rf5
47. Ne5 Rxe5 48. Qc4 Qb1+ 49. Ka4 Ne6 50. Qa2 Qe4+ 51. Ka5 Qxc6 52. Qb2 Qc7+
53. Ka4 Nc5+ 54. Kb4 Re4+ 55. Rd4 Nd3+ 56. Kb3 Nxb2 57. Rxe4 Nd1 58. Rc4 Qb6
59. Kb4 Qd6+ 60. Ka5 Qa3+ 61. Kb6 Nb2 62. Rc6 Na4+ 63. Kb7 Qb4 64. b6 Qxb6+ 65.
Rxb6 Nxb6 66. Kxb6 Kh5 67. Kc5 Kh4 68. Kd5 f5 69. Ke5 Kxh3 70. Kf4 h6 71. Kf3
g5 72. Kf2 Kh2 73. Kf3 g4+ 74. Kf4 g3 75. Kxf5 g2 76. Kg6 g1=Q+ 77. Kxh6 Qg4
78. Kh7 Qg3 79. Kh6 Qf4+ 80. Kh7 Qf5+ 81. Kh8 Qf6+ 0-1

[Event "ch-city B"]
[Site "Warszawa"]
[Date "2013.05.19"]
[Round "9.22"]
[White "Mantaev, Ruslan"]
[Black "Fieducik, Marcin"]
[Result "0-1"]
[WhiteElo "1224"]
[BlackElo "1361"]
[PlyCount "60"]
[EventDate "2013.05.11"]
[EventType "swiss"]
[EventRounds "9"]
[EventCountry "POL"]

1. d4 d5 2. Nf3 Nf6 3. e3 e6 4. Bd3 Be7 5. Nbd2 O-O 6. c3 c5 7. O-O c4 8. Bb1
b5 9. a3 Bb7 10. Ne5 Nbd7 11. f4 Ne4 12. Qh5 f5 13. g4 Ndf6 14. Qh3 fxg4 15.
Nxg4 Nxg4 16. Nxe4 dxe4 17. Qxg4 Qd5 18. Rf2 Rf6 19. Rg2 Rg6 20. Qe2 Qf5 21.
Bd2 Rf8 22. Rxg6 Qxg6+ 23. Qg2 Qf5 24. Bc2 Rf6 25. Kh1 Rg6 26. Qe2 Qh3 27. Rf1
Rh6 28. Be1 Rf6 29. Bd1 Rf5 30. Qg4 Qxf1+ 0-1